| Tag |
First Indicator |
Second Indicator |
Subfields |
| LEADER |
00000cam a2200000 a 4500 |
| 001 |
in00005708317 |
| 005 |
20260318190722.5 |
| 006 |
m o d |
| 007 |
cr ||||||||||| |
| 008 |
120629s1995 enk ob 001 0 eng d |
| 040 |
|
|
|a ILI
|b eng
|e pn
|c ILI
|d CGU
|d OCLCQ
|d OCLCF
|d OCLCO
|d OCLCQ
|d YDXCP
|d OCLCQ
|d STBDS
|d FIE
|d VGL
|d OCLCQ
|d UEJ
|d U3W
|d AU@
|d WYU
|d OCLCQ
|d HS0
|d QGK
|d OCLCO
|d OCLCQ
|d OCLCL
|d OCLCQ
|d OCLCL
|d OCLCQ
|
| 019 |
|
|
|a 1241950216
|
| 020 |
|
|
|a 9780191681936
|
| 020 |
|
|
|a 0191681938
|
| 020 |
|
|
|z 019825931X
|q (acid-free paper)
|
| 020 |
|
|
|z 9780198259312
|q (acid-free paper)
|
| 035 |
|
|
|a (OCoLC)797209105
|z (OCoLC)1241950216
|
| 043 |
|
|
|a e-uk---
|
| 050 |
|
4 |
|a KD479
|b .L44 1995
|
| 082 |
0 |
4 |
|a 174.3/0941
|2 23
|
| 049 |
|
|
|a TXAM
|
| 245 |
0 |
0 |
|a Legal ethics and professional responsibility /
|c edited by Ross Cranston.
|
| 260 |
|
|
|a Oxford :
|b Clarendon Press ;
|a New York :
|b Oxford University Press,
|c 1995.
|
| 300 |
|
|
|a 1 online resource (vi, 234 pages)
|
| 336 |
|
|
|a text
|b txt
|2 rdacontent
|
| 337 |
|
|
|a computer
|b c
|2 rdamedia
|
| 338 |
|
|
|a online resource
|b cr
|2 rdacarrier
|
| 504 |
|
|
|a Includes bibliographical references and index.
|
| 505 |
0 |
|
|a 1. Legal Ethics and Professional Responsibility / Ross Cranston -- 2. Judicial Ethics / Thomas Bingham -- 3. The Professional Responsibility and Ethics of the English Bar / Anthony Thornton -- 4. Professional Rules, Codes, and Principles Affecting Solicitors (or What Has Professional Regulation to do with Ethics?) / Alison Crawley and Christopher Bramall -- 5. Confidence, Public Interest, and the Lawyer / Michael Brindle and Guy Dehn -- 6. Professional Responsibility when Dealing with Parental Irresponsibility / Alan Ward -- 7. Ethics and Criminal Justice / Andrew Ashworth -- 8. Legal Ethics: Its Nature and Place in the Curriculum / Alan Paterson -- 9. Large Law Firms and Professional Responsibility / Marc Galanter and Thomas Palay -- 10. Doctoring Legal Ethics: Studies in Irony / Derek Morgan.
|
| 520 |
|
|
|a Among members of the legal profession and the judiciary, there is a genuine concern with establishing and maintaining high ethical standards. More than a set of rules of good conduct, legal ethics and professional responsibility are also a commitment to honesty, integrity and service in the practice of law. As such, underlying themes in this collection of essays posit that the move toward definite rules is not only inevitable but desirable; that existing codes of professional practice cannot be treated as a system of specific rules; that the current set of ethical rules is contestable and requires refinement and perhaps radical surgery; and that legal ethics must be conceived within the more general framework of professional responsibility.
|
| 520 |
8 |
|
|a With wider ethical issues involving the legal profession now firmly on the agenda, both legal scholars and professionals are engaged in the development of acceptable standards. It is therefore appropriate that the essays in this volume are written by a distinguished group of law teachers, practitioners, and senior members of the judiciary. The essays in this volume arose from the 1993 annual conference of the Society of Public Teachers of Law (the SPTL) at which the theme was professional responsibility and legal ethics.
|
| 588 |
0 |
|
|a Print version record.
|
| 546 |
|
|
|a English.
|
| 650 |
|
0 |
|a Legal ethics
|z Great Britain.
|
| 650 |
|
7 |
|a Legal ethics.
|2 fast
|0 (OCoLC)fst00995475
|
| 651 |
|
7 |
|a Great Britain.
|2 fast
|0 (OCoLC)fst01204623
|1 https://id.oclc.org/worldcat/entity/E39PBJdmp7p3cx8hpmJ8HvmTpP
|
| 650 |
|
7 |
|a Law - Non-U.S.
|2 hilcc
|
| 650 |
|
7 |
|a Law, Politics & Government.
|2 hilcc
|
| 650 |
|
7 |
|a Law - Great Britain.
|2 hilcc
|
| 653 |
0 |
|
|a Law
|a Ethics
|
| 653 |
0 |
|
|a Great Britain
|
| 655 |
|
7 |
|a Electronic books.
|2 local
|
| 700 |
1 |
|
|a Cranston, Ross.
|
| 776 |
0 |
8 |
|i Print version:
|t Legal ethics and professional responsibility.
|d Oxford : Clarendon Press ; New York : Oxford University Press, 1995
|z 019825931X
|w (DLC) 95039861
|w (OCoLC)33166670
|
| 856 |
4 |
0 |
|u http://proxy.library.tamu.edu/login?url=https://academic.oup.com/book/12809
|z Connect to the full text of this electronic book
|t 0
|
| 955 |
|
|
|a Oxford Scholarship Online
|
| 994 |
|
|
|a 92
|b TXA
|
| 999 |
f |
f |
|i bad57e94-41c4-436b-915b-be8581b71348
|s cb2a85da-2b4d-4f21-b932-2b98c19cc676
|t 0
|
| 952 |
f |
f |
|a Texas A&M University
|b College Station
|c Electronic Resources
|s www_evans
|d Available Online
|t 0
|e KD479 .L44 1995
|h Library of Congress classification
|
| 998 |
f |
f |
|a KD479 .L44 1995
|t 0
|l Available Online
|